[Event "ProMoPro2004"]
[Site "Praha"]
[Date "2004.09.12"]
[Round "2.4"]
[White "Stehno, Pavel"]
[Black "Novak, Jindrich"]
[Result "1-0"]
[WhiteElo "2344"]
[BlackElo "2059"]
[PlyCount "53"]
[EventDate "2004.09.11"]

1. e4 a6 2. d4 b5 3. a4 Bb7 4. Bd3 e6 5. Nf3 c5 6. c3 Qa5 7. Nbd2 cxd4 8. cxd4
Nf6 9. O-O Nc6 10. Nb3 Qb6 11. d5 Nb4 12. Be3 Qd8 13. Nc5 Bxc5 14. Bxc5 Nxd3
15. Qxd3 d6 16. Bb4 exd5 17. e5 dxe5 18. Nxe5 Qb6 19. Rae1 O-O-O 20. Nxf7 Ne4
21. Nxh8 Rxh8 22. a5 Qa7 23. Rxe4 dxe4 24. Qc3+ Kd8 25. Rd1+ Ke8 26. Qe5+ Kf7
27. Qf5+ {cerny se vzdal

} 1-0

[Event "ProMoPro2004"]
[Site "Praha"]
[Date "2004.09.12"]
[Round "2.6"]
[White "Virostko, Petr"]
[Black "Svoboda, Vaclav"]
[Result "1-0"]
[WhiteElo "2290"]
[BlackElo "2042"]
[PlyCount "55"]
[EventDate "2004.09.11"]

1. e4 d5 2. exd5 Nf6 3. Bb5+ Bd7 4. Be2 Nxd5 5. d4 Bf5 6. Nf3 e6 7. O-O Be7 8.
a3 O-O 9. c4 Nb6 10. Nc3 Bf6 11. h3 Nc6 12. Be3 Bg6 13. b4 Qd7 14. Qb3 Rfd8 15.
Rad1 Qe7 16. Rfe1 a6 17. Bf1 Nd7 18. Bf4 Nf8 19. d5 Bxc3 20. Qxc3 Na7 21. c5
Rac8 22. Qe3 Ra8 23. Bc4 Nc8 24. dxe6 Rxd1 25. Rxd1 Nxe6 26. Bxe6 fxe6 27. Bg5
Qe8 28. Rd8 {cerny se vzdal} 1-0

[Event "ProMoPro2004"]
[Site "Praha"]
[Date "2004.09.12"]
[Round "2.11"]
[White "Benes, Pavel"]
[Black "Benes, Petr"]
[Result "0-1"]
[WhiteElo "1852"]
[BlackElo "2140"]
[PlyCount "44"]
[EventDate "2004.09.11"]

1. e4 Nf6 2. e5 Nd5 3. d4 d6 4. Nf3 Bg4 5. Be2 c6 6. O-O Nd7 7. exd6 exd6 8. c4
Nc7 9. Nc3 Be7 10. d5 c5 11. a3 O-O 12. Re1 f5 13. b4 b6 14. Bb2 Qe8 15. Nd2
Qg6 16. Bxg4 fxg4 17. Nce4 Rf4 18. bxc5 bxc5 19. Qa4 Nb6 20. Qc6 Ne8 21. Bxg7
Rc8 22. Qb7 22... Rc7 {bily se vzdal} 0-1

[Event "ProMoPro2004"]
[Site "Praha"]
[Date "2004.09.12"]
[Round "2.16"]
[White "Novak, Vaclav"]
[Black "Neumanova, Monika"]
[Result "1-0"]
[WhiteElo "2109"]
[BlackElo "1672"]
[PlyCount "45"]
[EventDate "2004.09.11"]

1. e4 c5 2. Nf3 Nc6 3. d4 cxd4 4. Nxd4 e5 5. Nb5 a6 6. Nd6+ Bxd6 7. Qxd6 Qf6 8.
Qxf6 Nxf6 9. Nc3 Nb4 10. Bd3 Nxd3+ 11. cxd3 b5 12. f4 d6 13. O-O O-O 14. Bd2
Bb7 15. Ne2 Rfe8 16. Ng3 Nd7 17. Rac1 Rac8 18. Nf5 d5 19. Nd6 Rxc1 20. Rxc1 Rb8
21. Nxb7 Rxb7 22. Rc8+ Nf8 23. Bb4 {cerny se vzdal} 1-0

[Event "ProMoPro2004"]
[Site "Praha"]
[Date "2004.09.12"]
[Round "2.30"]
[White "Cozl, Miroslav"]
[Black "Horinek, Karel"]
[Result "0-1"]
[WhiteElo "1525"]
[BlackElo "1941"]
[PlyCount "112"]
[EventDate "2004.09.11"]

1. e4 c5 2. Nc3 Nc6 3. Nf3 d6 4. d4 cxd4 5. Nxd4 e5 6. Nxc6 bxc6 7. Be2 Nf6 8.
Bg5 Be7 9. h3 Rb8 10. b3 Be6 11. Bd3 O-O 12. O-O d5 13. Bxf6 Bxf6 14. Kh2 Bg5
15. Qh5 g6 16. Qe2 Qd6 17. g3 f5 18. exd5 cxd5 19. f3 f4 20. g4 Bh4 21. Rad1
Qc6 22. Nb1 Qc7 23. c4 dxc4 24. Bxc4 Bxc4 25. Qxc4+ Qxc4 26. bxc4 Rb4 27. c5
Rb2+ 28. Rd2 Rfb8 29. Rxb2 Rxb2+ 30. Kg1 Rc2 31. c6 Rxc6 32. a4 Rc4 33. a5 Ra4
34. a6 Rxa6 35. Nd2 Bd8 36. Ne4 Bb6+ 37. Kh1 Bd4 38. h4 Ra1 39. Kg2 a5 40. Rxa1
Bxa1 41. Nc5 Bd4 42. Na4 Kf7 43. Kf1 h5 44. gxh5 gxh5 45. Ke2 Ke6 46. Kd2 Kf5
47. Kd3 Bf2 48. Nb2 Bxh4 49. Nc4 a4 50. Nd6+ Ke6 51. Ne4 a3 52. Kc2 Be7 53. Kc3
h4 54. Nf2 Kf5 55. Kb3 Bc5 56. Nh3 56... e4 {bily se vzdal} 0-1

[Event "ProMoPro2004"]
[Site "Praha"]
[Date "2004.09.12"]
[Round "2.31"]
[White "Petrak, Robert"]
[Black "Vavra, Pavel"]
[Result "0-1"]
[WhiteElo "2143"]
[BlackElo "2393"]
[PlyCount "54"]
[EventDate "2004.09.11"]

1. e3 g6 2. Ne2 Bg7 3. g3 c5 4. Bg2 d5 5. d4 cxd4 6. Nxd4 Nf6 7. O-O O-O 8. c4
e5 9. Nf3 e4 10. Nfd2 Bg4 11. Qb3 Nbd7 12. cxd5 Nc5 13. Qa3 Qxd5 14. Nc3 Qf5
15. Nb3 Nd3 16. Nd4 Qc5 17. b4 Nxb4 18. Rb1 a5 19. Bb2 Rfe8 20. Ba1 Qh5 21. Qb3
Bh3 22. a3 Ng4 23. Nxe4 Bxg2 24. Kxg2 Qxh2+ 25. Kf3 Rxe4 26. axb4 a4 27. Qa2
27... Rxe3+ {bily se vzdal} 0-1

[Event "ProMoPro2004"]
[Site "Praha"]
[Date "2004.09.12"]
[Round "2.19"]
[White "Krischke, Arnold"]
[Black "Novotny, Vladimir"]
[Result "1-0"]
[WhiteElo "2133"]
[BlackElo "1906"]
[PlyCount "63"]
[EventDate "2004.09.11"]

1. e4 c5 2. Nf3 d6 3. d4 cxd4 4. Nxd4 a6 5. c4 e6 6. Nc3 g6 7. g3 Bg7 8. Bg2
Ne7 9. O-O Qc7 10. Be3 O-O 11. Rc1 Nd7 12. b3 Rb8 13. Qd2 Nc6 14. Rfd1 Nce5 15.
h3 Nc5 16. Bf1 b6 17. f4 Ned7 18. Bg2 Nf6 19. f5 Bb7 20. Qc2 exf5 21. exf5 Bxg2
22. Qxg2 Rbe8 23. Bf2 Nce4 24. g4 Nxf2 25. Qxf2 Bh6 26. Qh4 Be3+ 27. Kf1 Bxc1
28. Qxf6 Bh6 29. Qh4 Be3 30. Nd5 g5 31. Qh6 Re6 32. f6 {cerny se vzdal} 1-0

[Event "ProMoPro2004"]
[Site "Praha"]
[Date "2004.09.12"]
[Round "2.7"]
[White "Londyn, Radek"]
[Black "Kamenik, Robert"]
[Result "1-0"]
[WhiteElo "2278"]
[BlackElo "2027"]
[PlyCount "73"]
[EventDate "2004.09.11"]

1. Nf3 d5 2. c4 e6 3. e3 Nf6 4. a3 Bd6 5. Nc3 c6 6. Qc2 Nbd7 7. cxd5 exd5 8.
Nd4 Nc5 9. b4 Nce4 10. Nxe4 dxe4 11. Nxc6 Qc7 12. Nd4 Bxh2 13. Bb5+ Ke7 14. Qb3
Ng4 15. Bb2 Nxf2 16. Kxf2 Qg3+ 17. Kf1 Bh3 18. gxh3 Qxh3+ 19. Ke2 Qg2+ 20. Kd1
Qxh1+ 21. Kc2 Rhc8+ 22. Nc6+ Rxc6+ 23. Bxc6 Qf3 24. Bxb7 Rd8 25. Qc4 f5 26. Rf1
Qg2 27. Bd4 f4 28. Qc7+ Rd7 29. Bc5+ Kf6 30. Qxd7 Qxf1 31. Qe7+ Kg6 32. Bxe4+
Kh5 33. Qf7+ Kh6 34. Qe6+ g6 35. Qg4 Qc4+ 36. Kb2 Kg7 37. Qd7+ {cerny se vzdal}
1-0

[Event "ProMoPro2004"]
[Site "Praha"]
[Date "2004.09.12"]
[Round "2.13"]
[White "Stepanek, Svatopluk"]
[Black "Srba, Milan"]
[Result "0-1"]
[WhiteElo "1767"]
[BlackElo "2137"]
[PlyCount "68"]
[EventDate "2004.09.11"]

1. d4 e6 2. c4 Nf6 3. Bg5 Bb4+ 4. Bd2 Qe7 5. a3 Bxd2+ 6. Nxd2 d5 7. e3 O-O 8.
Ngf3 b6 9. Rc1 c5 10. Be2 Bb7 11. O-O cxd4 12. Nxd4 e5 13. N4f3 Rd8 14. cxd5
Nxd5 15. Qc2 Nc6 16. Qf5 g6 17. Qc2 Rac8 18. Qa4 a6 19. Nb3 e4 20. Nfd4 Ne5 21.
Nd2 b5 22. Qb3 Nb6 23. Qa2 Nbc4 24. Nxc4 bxc4 25. b3 c3 26. Bc4 Rc5 27. Rxc3
Nf3+ 28. Nxf3 exf3 29. Rfc1 Qd7 30. b4 Qg4 31. g3 Qh3 32. Bf1 Rxc3 33. Bxh3
Rxc1+ 34. Bf1 34... Rdd1 {bily se vzdal} 0-1

[Event "ProMoPro2004"]
[Site "Praha"]
[Date "2004.09.12"]
[Round "2.24"]
[White "Rmoutil, Martin"]
[Black "Ryslink, Daniel"]
[Result "1-0"]
[WhiteElo "2007"]
[BlackElo "1764"]
[PlyCount "55"]
[EventDate "2004.09.11"]

1. d4 Nf6 2. c4 g6 3. Nc3 d5 4. e3 Bg7 5. Nf3 O-O 6. Be2 e6 7. O-O Nbd7 8. b3
c5 9. Bb2 b6 10. cxd5 exd5 11. dxc5 Nxc5 12. Nb5 Be6 13. Nbd4 Nfe4 14. b4 Nb7
15. Nc6 Qd6 16. Bxg7 Kxg7 17. Nfd4 Bd7 18. Rc1 Nd8 19. Nb5 Qf6 20. Nxd8 Bxb5
21. Bxb5 Rfxd8 22. Rc6 Qb2 23. a3 d4 24. Qf3 Nd6 25. Rxd6 Rxd6 26. Qxa8 d3 27.
Qxa7 d2 28. Be2 1-0

[Event "ProMoPro2004"]
[Site "Praha"]
[Date "2004.09.12"]
[Round "2.20"]
[White "Listopad, Martin"]
[Black "Szirmai, Emil"]
[Result "1-0"]
[WhiteElo "1882"]
[BlackElo "2084"]
[PlyCount "115"]
[EventDate "2004.09.11"]

1. e4 c5 2. d4 cxd4 3. c3 d5 4. e5 dxc3 5. Nxc3 e6 6. Nf3 Nc6 7. Bb5 Bd7 8. O-O
a6 9. Ba4 Bc5 10. Bb3 Nge7 11. Bg5 Qc7 12. Rc1 Nxe5 13. Bxe7 Nxf3+ 14. Qxf3
Kxe7 15. Nxd5+ exd5 16. Qxd5 Be6 17. Qg5+ Kf8 18. Rxc5 Qe7 19. Qxe7+ Kxe7 20.
Bxe6 Kxe6 21. Rc7 Rhc8 22. Re1+ Kf6 23. Rxb7 Rc2 24. Rb6+ Kf5 25. h3 h5 26. Re7
f6 27. Rb3 g5 28. Rf3+ Kg6 29. Re6 Rf8 30. Rxa6 Rxb2 31. a3 Ra2 32. g4 h4 33.
Rb3 Rc2 34. Rb7 Rc4 35. Raa7 f5 36. Rg7+ Kf6 37. gxf5 Kxf5 38. Ra5+ Ke4 39.
Rgxg5 Rf4 40. Rad5 Kf3 41. Rd3+ Ke2 42. Re3+ Kd2 43. Rd5+ Kc2 44. Rdd3 Rf6 45.
Kf1 Rcf4 46. Rc3+ Kb2 47. Rb3+ Ka2 48. f3 Rc4 49. Rb4 Rc1+ 50. Kf2 Rh1 51. Rxh4
Rh2+ 52. Kg3 Rh1 53. Kg2 Rd1 54. a4 Rd5 55. Rg4 Rdf5 56. Kf2 Rf8 57. Kg1 Ka1
58. Rg2 1-0

[Event "ProMoPro2004"]
[Site "Praha"]
[Date "2004.09.12"]
[Round "2.23"]
[White "Hoskovec, Josef"]
[Black "Prachar, Josef"]
[Result "0-1"]
[WhiteElo "1864"]
[BlackElo "2008"]
[PlyCount "80"]
[EventDate "2004.09.11"]

1. e4 c5 2. c3 d6 3. d4 Nf6 4. Bd3 Qc7 5. Bg5 h6 6. Be3 e5 7. d5 Be7 8. f3 a6
9. c4 Nbd7 10. Nc3 Nh5 11. Nge2 Bg5 12. Bf2 Nf4 13. Rg1 Bf6 14. Nxf4 exf4 15.
g3 fxg3 16. Bxg3 Bd4 17. Bf2 Be5 18. Bg3 g5 19. Qd2 Bd4 20. Bf2 Ne5 21. Be2
Bxf2+ 22. Kxf2 Ng6 23. Bf1 Qe7 24. Ne2 Qe5 25. Rg3 Bd7 26. Qc3 f6 27. Qxe5+
fxe5 28. Bh3 Ke7 29. Bxd7 Kxd7 30. Ke3 Raf8 31. Rf1 Rf6 32. Kd3 Rhf8 33. Rh3 g4
34. Rxh6 Nf4+ 35. Nxf4 Rxh6 36. Ne6 Rxf3+ 37. Rxf3 gxf3 38. Ke3 Rxh2 39. Kxf3
Rxb2 40. a4 Rb4 0-1

[Event "ProMoPro2004"]
[Site "Praha"]
[Date "2004.09.12"]
[Round "2.29"]
[White "Bohac, Jaroslav"]
[Black "Janota, Jiri"]
[Result "1-0"]
[WhiteElo "1943"]
[BlackElo "1559"]
[PlyCount "93"]
[EventDate "2004.09.11"]

1. d4 c5 2. d5 Nf6 3. g3 d6 4. c4 g6 5. Nc3 Bg7 6. Bg2 Nbd7 7. e4 O-O 8. Nge2
a6 9. a4 Qc7 10. O-O Rb8 11. f4 b6 12. h3 Bb7 13. Be3 Ba8 14. Qd2 Ne8 15. g4 f5
16. Ng3 fxg4 17. hxg4 Nef6 18. Bf3 Rf7 19. g5 Ne8 20. Bg4 Bh8 21. Be6 Ng7 22.
Bxf7+ Kxf7 23. Qh2 Kg8 24. Kg2 e6 25. Rh1 Nf8 26. Raf1 Qe7 27. Bd2 exd5 28.
exd5 Nf5 29. Re1 Qf7 30. Nxf5 gxf5 31. Kg3 Bb7 32. Re2 Re8 33. Rhe1 Rxe2 34.
Qxe2 Bc8 35. Qe8 Bd7 36. Qxf7+ Kxf7 37. b3 Ng6 38. Rh1 Kg8 39. Ne2 Bg7 40. Bc3
Nf8 41. Bxg7 Kxg7 42. Nc3 Be8 43. Ra1 a5 44. Nb5 Bxb5 45. axb5 Ng6 46. Re1 Nf8
47. Re7+ 1-0

[Event "ProMoPro2004"]
[Site "Praha"]
[Date "2004.09.12"]
[Round "2.21"]
[White "Hlavnicka, Jan"]
[Black "Jansa, Vaclav"]
[Result "1/2-1/2"]
[WhiteElo "1864"]
[BlackElo "2076"]
[PlyCount "109"]
[EventDate "2004.09.11"]

1. b3 Nf6 2. Bb2 e6 3. c4 d5 4. Nf3 c5 5. g3 Nc6 6. cxd5 exd5 7. d4 b6 8. Bg2
Be7 9. O-O O-O 10. Re1 Be6 11. Nc3 Rc8 12. Rc1 h6 13. e3 Re8 14. Ne2 Bf5 15.
Nf4 Be4 16. a3 Nh7 17. dxc5 bxc5 18. h4 Nf6 19. Bh3 Rc7 20. Ne5 Qd6 21. Ned3 g5
22. hxg5 hxg5 23. Nh5 Bxd3 24. Bxf6 Bg6 25. Bxe7 Rexe7 26. Qxd5 Qe5 27. Qxe5
Rxe5 28. Nf6+ Kg7 29. Nd7 Re7 30. Rxc5 f5 31. Rec1 Rexd7 32. Rxc6 Rxc6 33. Rxc6
Rd1+ 34. Bf1 f4 35. gxf4 gxf4 36. exf4 Bd3 37. Rc7+ Kf6 38. Rxa7 Bxf1 39. Kh2
Rd3 40. b4 Rf3 41. Kg1 Bc4 42. a4 Rxf4 43. b5 Rg4+ 44. Kh2 Kf5 45. f3 Rg6 46.
Rc7 Be2 47. Rf7+ Ke6 48. Rf4 Kd6 49. b6 Kc6 50. a5 Rg7 51. Rf5 Kb7 52. f4 Ka6
53. Re5 Bb5 54. Rg5 Rh7+ 55. Kg3 {remis} 1/2-1/2

[Event "ProMoPro2004"]
[Site "Praha"]
[Date "2004.09.12"]
[Round "2.22"]
[White "Marsalek, Lubos"]
[Black "Zatko, Michal"]
[Result "1-0"]
[WhiteElo "2009"]
[BlackElo "1768"]
[PlyCount "96"]
[EventDate "2004.09.11"]

1. Nf3 e6 2. g3 Nf6 3. Bg2 d5 4. c4 c6 5. b3 Bd6 6. Bb2 O-O 7. O-O Nbd7 8. d4
Re8 9. Nc3 a6 10. Qc2 b5 11. c5 Bb8 12. a3 Ra7 13. e4 dxe4 14. Nxe4 Nxe4 15.
Qxe4 Nf6 16. Qc2 Nd5 17. h4 f6 18. Rfe1 Rae7 19. Rad1 Bd7 20. Bf1 Qc8 21. Bd3
g6 22. Qd2 e5 23. dxe5 Bxe5 24. Nxe5 fxe5 25. Qh6 Bf5 26. Be4 Bxe4 27. Rxe4 Qf5
28. Re2 Qf3 29. Rde1 Rf7 30. Bxe5 Nf6 31. Qf4 Ng4 32. Qxf3 Rxf3 33. Bd6 Rxe2
34. Rxe2 Rxb3 35. Re8+ Kg7 36. Rc8 Rxa3 37. Rxc6 Ra1+ 38. Kg2 Ra2 39. Kf3 h5
40. Rb6 Rxf2+ 41. Ke4 Nf6+ 42. Ke3 Ng4+ 43. Kd3 Rf3+ 44. Ke4 Re3+ 45. Kd4 Re8
46. Rxa6 Ne3 47. Be5+ Rxe5 48. Kxe5 48... b4 {cerny se vzdal} 1-0

[Event "ProMoPro2004"]
[Site "Praha"]
[Date "2004.09.12"]
[Round "2.26"]
[White "Voglova, Eva"]
[Black "Istel, Oldrich"]
[Result "1-0"]
[WhiteElo "1988"]
[BlackElo "1668"]
[PlyCount "131"]
[EventDate "2004.09.11"]

1. d4 Nf6 2. Nf3 d5 3. c4 c6 4. Nc3 Bf5 5. Bf4 Nbd7 6. e3 e6 7. cxd5 exd5 8.
Bd3 Bxd3 9. Qxd3 Bb4 10. O-O O-O 11. a3 Be7 12. Rfc1 Nb6 13. Rab1 Re8 14. b4
Ne4 15. Ne5 Bf8 16. Qd1 f6 17. Nd3 g5 18. Bg3 Nxg3 19. hxg3 Bd6 20. Nc5 Qc7 21.
a4 Nc4 22. b5 Nxe3 23. Qf3 Nc4 24. Qxf6 Qe7 25. Qxe7 Rxe7 26. N3e4 Bxc5 27.
Nxc5 Rc8 28. bxc6 b6 29. Nd3 Rxc6 30. Nb4 Rd6 31. Nxd5 Rxd5 32. Rxc4 Kf7 33.
Kf1 g4 34. Re1 h5 35. f4 Rxe1+ 36. Kxe1 Ke6 37. Ke2 a6 38. Ke3 b5 39. Rc6+ Rd6
40. axb5 axb5 41. Rc5 b4 42. Rb5 Ra6 43. f5+ Kf7 44. Rxb4 Ra2 45. Rb3 Kf6 46.
Ke4 Rxg2 47. Rb6+ Kf7 48. Rh6 Rxg3 49. Rxh5 Kf6 50. Rh6+ Kf7 51. Rg6 Rg1 52.
Kd5 Rf1 53. Rxg4 Rxf5+ 54. Kd6 Rf6+ 55. Kd7 Rf5 56. Re4 Ra5 57. Kc6 Ra1 58. d5
Rc1+ 59. Kd7 Rf1 60. d6 Rf2 61. Kd8 Rf1 62. d7 Rf2 63. Rc4 Ra2 64. Rf4+ Ke6 65.
Ke8 Ke5 66. Rf1 {bily se vzdal} 1-0

[Event "ProMoPro2004"]
[Site "Praha"]
[Date "2004.09.12"]
[Round "2.25"]
[White "Hampel, Rudolf"]
[Black "Stodolova, Kristyna"]
[Result "0-1"]
[WhiteElo "1785"]
[BlackElo "1996"]
[PlyCount "148"]
[EventDate "2004.09.11"]

1. e4 Nf6 2. e5 Nd5 3. d4 d6 4. Nf3 Bg4 5. Be2 e6 6. O-O Be7 7. c4 Nb6 8. Bf4
O-O 9. Nbd2 Nc6 10. a3 dxe5 11. dxe5 a5 12. Be3 Nd7 13. Bf4 a4 14. Re1 Nc5 15.
Qc2 Bf5 16. Qc3 Nd3 17. Bxd3 Qxd3 18. Qxd3 Bxd3 19. Rac1 Bc5 20. Be3 Be7 21.
Bg5 Bxg5 22. Nxg5 Rfd8 23. f4 Nd4 24. Kf2 Rd7 25. Nge4 b6 26. Rc3 Nb3 27. Nxb3
axb3 28. c5 Rd4 29. Kf3 b5 30. Rxb3 Raa4 31. Nf2 Rxf4+ 32. Ke3 Bc4 33. Rc3 Rf5
34. Nd3 h5 35. Kd2 Bd5 36. g3 Rd4 37. Kc1 Rf3 38. Kd2 Bc4 39. Re3 Rf2+ 40. Re2
Rf3 41. Re3 Rf2+ 42. Re2 Rxe2+ 43. Kxe2 Re4+ 44. Kd2 Kf8 45. c6 Ke8 46. b3 Bxd3
47. Rxd3 Rxe5 48. Kc3 Rc5+ 49. Kb4 Rxc6 50. Kxb5 Rd6 51. Rc3 Kd7 52. a4 Rb6+
53. Ka5 Kc8 54. b4 Kb7 55. b5 Rd6 56. Kb4 c6 57. Rc5 g6 58. Rc2 cxb5 59. axb5
Kb6 60. Kc4 Rd5 61. Rb2 Rc5+ 62. Kd4 Rxb5 63. Rf2 Rd5+ 64. Ke4 f5+ 65. Ke3 Kc5
66. Rc2+ Kd6 67. Kf4 e5+ 68. Kg5 e4 69. Kxg6 e3 70. Re2 Re5 71. Kxh5 Kd5 72. h4
Ke4 73. Kg6 Kf3 74. Rxe3+ Kxe3 0-1

[Event "ProMoPro2004"]
[Site "Praha"]
[Date "2004.09.12"]
[Round "2.17"]
[White "Kubikova, Alena"]
[Black "Cebis, Petr"]
[Result "1-0"]
[WhiteElo "2067"]
[BlackElo "1852"]
[PlyCount "109"]
[EventDate "2004.09.11"]

1. e4 e6 2. d4 d5 3. Nd2 c5 4. Ngf3 Nc6 5. exd5 exd5 6. dxc5 Bxc5 7. Nb3 Bb6 8.
c3 Nge7 9. Be2 O-O 10. O-O Ng6 11. Nbd4 Re8 12. Be3 Be6 13. Re1 a6 14. Qc2 Bc7
15. Bd3 Qd6 16. g3 Nce7 17. h4 Bg4 18. Nh2 Bh5 19. Ne2 Nf8 20. Bf4 Qd7 21. Bxc7
Qxc7 22. Nf4 Bg6 23. Rad1 d4 24. Nxg6 Nexg6 25. cxd4 Qa5 26. Rxe8 Rxe8 27. a3
Rd8 28. Nf3 Ne6 29. Be4 b5 30. h5 Ne7 31. Bxh7+ Kh8 32. Be4 b4 33. axb4 Qxh5
34. Kg2 Nd5 35. Bxd5 Qxd5 36. Qc3 Ng5 37. Rh1+ Kg8 38. Rd1 Qb7 39. Rd3 Rd6 40.
Qc5 Ne4 41. Qc4 Rc6 42. Qd5 Nf6 43. Qd8+ Kh7 44. Rd1 Rc8 45. Rh1+ Kg6 46. Qd6
Qe4 47. Rh4 Qb7 48. Qf4 Qd5 49. Kh2 Nd7 50. Ne5+ Nxe5 51. dxe5 Qd1 52. Rg4+ Kh7
53. Qf5+ g6 54. Rh4+ Kg7 55. Qf6+ {remis} 1-0

[Event "ProMoPro2004"]
[Site "Praha"]
[Date "2004.09.12"]
[Round "2.27"]
[White "Horak, Karel"]
[Black "Nepustil, Frantisek"]
[Result "0-1"]
[WhiteElo "1671"]
[BlackElo "1979"]
[PlyCount "48"]
[EventDate "2004.09.11"]

1. d4 Nf6 2. c4 c5 3. d5 e5 4. Nc3 d6 5. e4 g6 6. f3 Bg7 7. Be3 a6 8. Qd2 Qe7
9. g4 Nbd7 10. Nge2 h5 11. g5 Nh7 12. h4 f6 13. Ng3 Qd8 14. Bd3 Bf8 15. Rg1
fxg5 16. hxg5 Bg7 17. f4 exf4 18. Bxf4 Ne5 19. Be2 Bg4 20. Nf1 Bxe2 21. Kxe2
Nxc4 22. Qc2 O-O 23. Qc1 Qe7 24. Kd3 24... Nxb2+ {bily se vzdal} 0-1

[Event "ProMoPro2004"]
[Site "Praha"]
[Date "2004.09.12"]
[Round "2.32"]
[White "Koncel, Jan"]
[Black "Rakous, Pavel"]
[Result "0-1"]
[WhiteElo "1441"]
[BlackElo "1800"]
[PlyCount "50"]
[EventDate "2004.09.11"]

1. e4 c5 2. Nf3 a6 3. d4 cxd4 4. Nxd4 Nf6 5. Nc3 e5 6. Nf3 Bb4 7. Qd3 Qc7 8.
Bd2 O-O 9. Nd5 Nxd5 10. exd5 Bxd2+ 11. Qxd2 d6 12. c4 Nd7 13. Qc2 Re8 14. Be2
Nf6 15. O-O-O Qc5 16. Rdf1 g6 17. Ng5 Bf5 18. Qc3 Rac8 19. h3 Nxd5 20. Qd2 Nb6
21. b3 d5 22. Kb2 dxc4 23. Rc1 Red8 24. Qe3 Qxe3 25. fxe3 25... Rd2+ {
bily se vzdal} 0-1

[Event "ProMoPro2004"]
[Site "Praha"]
[Date "2004.09.12"]
[Round "2.3"]
[White "Kastner, Kamil"]
[Black "Cernousek, Lukas"]
[Result "0-1"]
[WhiteElo "2080"]
[BlackElo "2378"]
[PlyCount "80"]
[EventDate "2004.09.11"]

1. e4 c5 2. Nc3 g6 3. f4 Bg7 4. Nf3 Nc6 5. Bc4 e6 6. O-O Nge7 7. d3 d5 8. Bb3
O-O 9. e5 Rb8 10. Ne2 b5 11. c3 b4 12. d4 bxc3 13. bxc3 Qa5 14. Bd2 Ba6 15. c4
Qb6 16. cxd5 Nxd5 17. Bxd5 exd5 18. dxc5 Qxc5+ 19. Kh1 d4 20. Re1 f6 21. Rc1
Qd5 22. exf6 Bxf6 23. Ng3 Nb4 24. Bxb4 Rxb4 25. Qd2 Ra4 26. Rc2 d3 27. Rd1 Bd4
28. Rc7 Rxa2 29. Qb4 Bb6 30. Rcc1 Bb7 31. Qe7 Rxf4 32. Rxd3 Qxd3 33. Qe6+ Kg7
34. Qe5+ Rf6 35. Qe7+ Rf7 36. Qe5+ Kg8 37. Qe8+ Kg7 38. Qe5+ Kf8 39. Qh8+ Ke7
40. Qe5+ 40... Kd7 {bily se vzdal} 0-1

[Event "ProMoPro2004"]
[Site "Praha"]
[Date "2004.09.12"]
[Round "2.5"]
[White "Tejkal, Jiri"]
[Black "Pokorny, Petr"]
[Result "1/2-1/2"]
[WhiteElo "2048"]
[BlackElo "2292"]
[PlyCount "71"]
[EventDate "2004.09.11"]

1. d4 d5 2. Nf3 Nf6 3. c4 dxc4 4. Nc3 c6 5. a4 Bf5 6. e3 e6 7. Bxc4 Bb4 8. O-O
O-O 9. Ne5 Nbd7 10. Nd3 Bd6 11. f3 e5 12. Nxe5 Nxe5 13. dxe5 Bxe5 14. Qxd8
Raxd8 15. e4 Bd4+ 16. Kh1 Bc8 17. Ne2 Bc5 18. Bg5 h6 19. Bxf6 gxf6 20. Rfd1 Be6
21. Bxe6 fxe6 22. g3 Kf7 23. Kg2 Be3 24. f4 Bd2 25. Kf1 a5 26. Ng1 Ke7 27. Ke2
Bb4 28. Nf3 Bc5 29. b3 Rxd1 30. Rxd1 Rd8 31. Rxd8 Kxd8 32. Kd3 Ke7 33. g4 Kf7
34. h3 Kg6 35. Nh4+ Kf7 36. Nf3 {remis} 1/2-1/2

[Event "ProMoPro2004"]
[Site "Praha"]
[Date "2004.09.12"]
[Round "2.28"]
[White "Nemec, Vaclav"]
[Black "Slechta, Karel"]
[Result "1/2-1/2"]
[WhiteElo "1594"]
[BlackElo "1957"]
[PlyCount "51"]
[EventDate "2004.09.11"]

1. e4 c5 2. Nf3 Nc6 3. d4 cxd4 4. Nxd4 Nf6 5. Nc3 d6 6. Bg5 e6 7. Be2 a6 8. O-O
Bd7 9. Kh1 Qc7 10. f3 Rc8 11. Qd2 Ne5 12. Nd1 Be7 13. c3 h6 14. Bf4 Nc4 15.
Bxc4 Qxc4 16. Ne3 Qc7 17. Bg3 O-O 18. Rad1 Nh5 19. Bf2 Rfd8 20. Qc2 b5 21. a3
Nf4 22. Bg3 Nh5 23. Bf2 Bc6 24. Qb3 Nf6 25. Bg3 Nh5 26. Bf2 {remis} 1/2-1/2

[Event "ProMoPro2004"]
[Site "Praha"]
[Date "2004.09.12"]
[Round "2.1"]
[White "Mejzlik, Vojtech"]
[Black "Petrik, Tomas"]
[Result "0-1"]
[WhiteElo "2097"]
[BlackElo "2457"]
[PlyCount "72"]
[EventDate "2004.09.11"]

1. c4 Nf6 2. Nc3 e6 3. g3 d5 4. Bg2 Be7 5. d4 O-O 6. Nf3 dxc4 7. Qa4 a6 8. Qxc4
b5 9. Qb3 Bb7 10. O-O c5 11. dxc5 Bxc5 12. Bg5 Nbd7 13. Rac1 Qb6 14. Bxf6 Nxf6
15. Ne5 Bxg2 16. Kxg2 Rfd8 17. Nd3 Bd4 18. h3 h5 19. Ne1 b4 20. Na4 Qb5 21. e3
Bxe3 22. fxe3 Rd2+ 23. Rf2 Rxf2+ 24. Kxf2 Ne4+ 25. Kg1 Nxg3 26. Kg2 Ne4 27. Qd3
Qg5+ 28. Kf3 Qf6+ 29. Ke2 Ng3+ 30. Kd1 Rd8 31. Nc5 Rxd3+ 32. Ncxd3 Qg5 33. Nf4
Qd8+ 34. Kc2 Qb6 35. Kd3 Qb5+ 36. Kd2 36... Nf1+ {bily se vzdal} 0-1

[Event "ProMoPro2004"]
[Site "Praha"]
[Date "2004.09.12"]
[Round "2.10"]
[White "Novotny, Michal"]
[Black "Krivanek, Vladimir"]
[Result "1-0"]
[WhiteElo "2197"]
[BlackElo "1853"]
[PlyCount "83"]
[EventDate "2004.09.11"]

1. e4 e5 2. Nf3 Nc6 3. Bb5 Nd4 4. Nxd4 exd4 5. O-O Bc5 6. d3 c6 7. Bc4 d6 8.
Qh5 Qe7 9. Bg5 Nf6 10. Qh4 Be6 11. Nd2 O-O-O 12. f4 h6 13. Bxf6 gxf6 14. Bb3
Rdg8 15. Nf3 Rh7 16. Rae1 Rhg7 17. Re2 Bxb3 18. axb3 d5 19. Rff2 dxe4 20. Rxe4
Qxe4 21. dxe4 d3 22. Qh3+ Kb8 23. cxd3 Be3 24. Ne1 Bd4 25. Kf1 Bxf2 26. Kxf2
Kc7 27. Qxh6 Rg6 28. Qh5 R8g7 29. Qa5+ Kc8 30. Qxa7 Rh7 31. Nf3 Rhg7 32. g3 Kc7
33. d4 Rg8 34. Qc5 Ra8 35. Qe7+ Kb6 36. Qxf7 Rh6 37. Qg7 Rh5 38. e5 Ra2 39. g4
Rxb2+ 40. Kg3 Rxb3 41. gxh5 f5 42. h6 1-0

[Event "ProMoPro2004"]
[Site "Praha"]
[Date "2004.09.12"]
[Round "2.9"]
[White "Stross, Frantisek"]
[Black "Mejzlik, Ondrej"]
[Result "1-0"]
[WhiteElo "2220"]
[BlackElo "2025"]
[PlyCount "121"]
[EventDate "2004.09.11"]

1. e4 d5 2. exd5 Qxd5 3. Nc3 Qa5 4. Bc4 Nf6 5. d3 c6 6. Bd2 Qc7 7. Qe2 e6 8.
Nf3 Bd6 9. O-O O-O 10. d4 Nbd7 11. Rae1 a6 12. Ne4 Nxe4 13. Qxe4 Nf6 14. Qh4
Be7 15. Bd3 Rd8 16. Bg5 c5 17. Bxh7+ Nxh7 18. Bxe7 Re8 19. Bxc5 b6 20. Ba3 Qxc2
21. d5 Nf6 22. d6 Bb7 23. Ne5 Red8 24. Re3 Qh7 25. Qd4 b5 26. Rfe1 Rac8 27. Bc5
Qf5 28. b4 Nd7 29. Qh4 Nxe5 30. Rxe5 Qf6 31. Qxf6 gxf6 32. Rh5 Kg7 33. f4 Kg6
34. g4 Bd5 35. a3 a5 36. Re3 axb4 37. axb4 Ra8 38. Reh3 Ra1+ 39. Kf2 Ra2+ 40.
Ke1 Be4 41. Bd4 Kg7 42. f5 Rxd6 43. Rh7+ Kf8 44. Bc5 Ke7 45. Re3 Ra1+ 46. Kf2
Ra2+ 47. Re2 Rxe2+ 48. Kxe2 exf5 49. gxf5 Bxf5 50. Bxd6+ Kxd6 51. Rxf7 Ke5 52.
Ke3 Bh3 53. Rc7 Ke6 54. Rc5 Bf1 55. Kf4 Kf7 56. h4 Kg6 57. h5+ Kg7 58. Rc7+ Kh6
59. Kf5 Be2 60. Kxf6 Kxh5 61. Rg7 1-0

[Event "ProMoPro2004"]
[Site "Praha"]
[Date "2004.09.13"]
[Round "3.27"]
[White "Ryslink, Daniel"]
[Black "Petrak, Robert"]
[Result "0-1"]
[WhiteElo "1764"]
[BlackElo "2143"]
[PlyCount "30"]
[EventDate "2004.09.11"]

1. e4 Nf6 2. e5 Nd5 3. c4 Nb6 4. d4 d6 5. f4 dxe5 6. fxe5 Nc6 7. Be3 Bf5 8. a3
e6 9. Nf3 Qe7 10. Nc3 f6 11. exf6 gxf6 12. Be2 O-O-O 13. O-O Bg4 14. Qd2 Bxf3
15. gxf3 Nxd4 0-1

[Event "ProMoPro2004"]
[Site "Praha"]
[Date "2004.09.13"]
[Round "3.24"]
[White "Simecek, Bohumil"]
[Black "Nemec, Vaclav"]
[Result "1-0"]
[WhiteElo "2113"]
[BlackElo "1594"]
[PlyCount "26"]
[EventDate "2004.09.11"]

1. d4 Nf6 2. c4 g6 3. Nc3 Bg7 4. e4 d6 5. Nf3 O-O 6. Be2 e5 7. O-O h6 8. dxe5
dxe5 9. Qxd8 Rxd8 10. Nxe5 Re8 11. f4 Nxe4 12. Nxe4 Bxe5 13. fxe5 13... Rxe5 {
cerny se vzdal} 1-0